000 00351nam a2200133Ia 4500
008 240126s9999 xx 000 0 und d
041 _aEnglish
245 0 _aJournal of Human Values (2005 -
260 _bIndian Institute of Management
_aLos Angeles
440 _aNULL
650 _aManagement
650 _aValues,(2005,-,Management
942 _cJN
999 _c265603
_d265603